| 000 | 00769nam a22002657a 4500 | ||
|---|---|---|---|
| 001 | 8831 | ||
| 003 | FISKH | ||
| 005 | 20251022105724.0 | ||
| 008 | 251022b cb ||||| |||| 00| 0 eng d | ||
| 020 | _a9789673312382 | ||
| 040 |
_aFISKH _beng _cFISKH _dFISKH |
||
| 082 | _a513 | ||
| 100 | _aRiche, Sarah | ||
| 245 |
_aAt the park : _bMind to mind key words series / _cWritten by Sarah Riche ; Edited by TSP Qally |
||
| 260 |
_aSelangor : _bMind to Mind, |
||
| 300 |
_a16 pages : _bcolor illustrations ; _c26 cm |
||
| 505 | _aE | ||
| 520 | _aLearning key words at the park. | ||
| 521 | 8 |
_a160
_bLexile estimate |
|
| 521 | 8 |
_aE
_bRaz-Plus |
|
| 650 |
_aPark _xLearning |
||
| 700 |
_aWilliams,ob _eillustrator |
||
| 942 |
_2ddc _cBK _n0 |
||
| 999 |
_c8831 _d8831 |
||